Synthetic protection short interfering RNA screen reveals glyburide as a novel radioprotector /
Enregistré dans:
| Autres auteurs: | , , , , , , , , , , , |
|---|---|
| Format: | Article |
| Langue: | English |
| Sujets: | |
| Tags: |
Ajouter un tag
Pas de tags, Soyez le premier à ajouter un tag!
|
| Thư viện lưu trữ: | Thư viện Trường Đại học Đà Lạt |
|---|
| LEADER | 01135nam a2200385 4500 | ||
|---|---|---|---|
| 001 | DLU110117801 | ||
| 005 | ##20101221 | ||
| 040 | # | # | |a DLU |b eng |
| 041 | # | # | |a eng |
| 044 | # | # | |a us |
| 245 | # | # | |a Synthetic protection short interfering RNA screen reveals glyburide as a novel radioprotector / |c Jianfei Jiang ... [et al.]. |
| 653 | # | # | |a Glyburide |
| 653 | # | # | |a Radioprotectors |
| 700 | # | # | |a Dixon, Tracy M. |
| 700 | # | # | |a Epperly, Laura D. |
| 700 | # | # | |a Epperly, Michael W. |
| 700 | # | # | |a Franicola, Darcy. |
| 700 | # | # | |a Greenberger, Joel S. |
| 700 | # | # | |a Huang, Zhentai. |
| 700 | # | # | |a Jiang, Jianfei. |
| 700 | # | # | |a Kagan, Valerian E. |
| 700 | # | # | |a Lazo, John S. |
| 700 | # | # | |a McDonald, Peter R. |
| 700 | # | # | |a Nie, Suhua. |
| 700 | # | # | |a Zhang, Xichen. |
| 773 | # | # | |t Radiation Research |g Vol. 172, no. 4 (October 2009), p. 414-422 |
| 920 | # | # | |a Phòng Tạp chí -- Trung tâm Thông tin - Thư viện Trường Đại học Đà Lạt |
| 994 | # | # | |a DLU |
| 900 | # | # | |a True |
| 911 | # | # | |a Trương Bảo Trâm Anh |
| 925 | # | # | |a G |
| 926 | # | # | |a A |
| 927 | # | # | |a BB |
| 980 | # | # | |a Thư viện Trường Đại học Đà Lạt |